000 00851nam a22002897a 4500
001 BR6002650
003 BR-BrBNA
005 20230928095544.0
007 ta
008 230509b bl.||||| |||| 00| 0 por d
040 _aBR-BrBNA
_bpor
_cBiblioteca Nacional de Agricultura
041 _a(Por)
072 _aN01; E30
090 _ N01 BR6002650
100 1 _aFontes, N. de A.
100 1 _aSantana, Z.M.
110 1 _aComissao Estadual de Planejamento Agricola de Sergipe, Aracaju (Brasil)
_92036
245 1 _aSubsidios para selecao de areas visando um programa de eletrificacao rural em Sergipe
260 3 _aAracaju, SE (Brasil):
_c1972.
300 _a64 p.
500 _a33 ref.
650 _aEletrificacao Rural
650 _aDesenvolvimento Agricola
650 _aSergipe
909 _a202309
_bLucia
_c55
_dLucia Elande
942 _cBK
999 _c57258
_d57258